La física en la vida cotidiana (Registro nro. 4395)

Detalles MARC
000 -LEADER
fixed length control field 00902 a2200217 4500
001 - CONTROL NUMBER
control field 47504
005 - DATE AND TIME OF LATEST TRANSACTION
control field 20260407155742.0
008 - FIXED-LENGTH DATA ELEMENTS--GENERAL INFORMATION
fixed length control field 260407a2007 arg spa d
003 - CONTROL NUMBER IDENTIFIER
control field AR-UNSa-BCEJYS
040 ## - CATALOGING SOURCE
Original cataloging agency AR-UNSa-BCEJYS
Language of cataloging spa
Transcribing agency AR-UNSa-BCEJYS
080 ## - UNIVERSAL DECIMAL CLASSIFICATION NUMBER
Universal Decimal Classification number 530
Common auxiliary subdivision Física
020 ## - INTERNATIONAL STANDARD BOOK NUMBER
International Standard Book Number 978-987-1220-81-6
100 1# - MAIN ENTRY--PERSONAL NAME
Personal name Rojo, Alberto
245 10 - TITLE STATEMENT
Title La física en la vida cotidiana
264 #1 - PRODUCTION, PUBLICATION, DISTRIBUTION, MANUFACTURE, AND COPYRIGHT NOTICE
Place of production, publication, distribution, manufacture Buenos Aires :
Name of producer, publisher, distributor, manufacturer Siglo XXI Editores Argentina
Date of production, publication, distribution, manufacture, or copyright notice 2007
300 ## - PHYSICAL DESCRIPTION
Extent 221 p.
Dimensions 19 cm.
505 ## - FORMATTED CONTENTS NOTE
Formatted contents note 1. Lo que se ve y que se oculta - 2. Lo que se frena, lo que gira y lo que se acelera - 3. Lo que flota, lo que vuela y lo que se hunde - 4. Lo que suena y lo que calla - 5. Lo que se atrae y lo que se repele - 6. Lo frio y lo caliente
590 ## - LOCAL NOTE (RLIN)
Local note niveau_biblio:m niveau_hierar:0
856 41 - ELECTRONIC LOCATION AND ACCESS
Uniform Resource Identifier <a href="https://www.biblioeco.unsa.edu.ar/pmb/images/libros/L127542.jpg">https://www.biblioeco.unsa.edu.ar/pmb/images/libros/L127542.jpg</a>
Link text Imagen de portada
Electronic format type image/jpeg
942 ## - ADDED ENTRY ELEMENTS (KOHA)
Koha item type
Existencias
Withdrawn status Lost status Damaged status Not for loan Home library Current library Shelving location Date acquired Total checkouts Full call number Barcode Date last seen Price effective from Koha item type
        Biblioteca Prof. Eusebio Cleto del Rey Biblioteca Prof. Eusebio Cleto del Rey   07/04/2026   530 R628 L127542 07/04/2026 07/04/2026 Libro